| 000 | 01290nam a2200349Ia 4500 | ||
|---|---|---|---|
| 001 | ebr10740751 | ||
| 003 | CaPaEBR | ||
| 006 | m o u | ||
| 007 | cr cn||||||||| | ||
| 008 | 110407s2012 nyua sb 001 0 eng d | ||
| 010 | _z 2011013596 | ||
| 020 | _z9781613244616 (hardcover) | ||
| 020 | _z9781628089691 | ||
| 020 | _z1613244614 (hardcover) | ||
| 040 |
_aCaPaEBR _cCaPaEBR |
||
| 035 | _a(OCoLC)855019708 | ||
| 050 | 1 | 4 |
_aBF311 _b.T74 2012eb |
| 082 | 0 | 4 |
_a153 _222 |
| 245 | 0 | 0 |
_aTrends in cognitive sciences _h[electronic resource] / _cMiao-Kun Sun, editor. |
| 260 |
_aNew York : _bNova Science Publishers, _cc2012. |
||
| 300 |
_axi, 249 p. : _bill. |
||
| 490 | 1 | _aPsychology research progress | |
| 504 | _aIncludes bibliographical references and index. | ||
| 533 |
_aElectronic reproduction. _bPalo Alto, Calif. : _cebrary, _d2013. _nAvailable via World Wide Web. _nAccess may be limited to ebrary affiliated libraries. |
||
| 650 | 0 | _aCognitive science. | |
| 650 | 0 | _aCognition. | |
| 655 | 7 |
_aElectronic books. _2local |
|
| 700 | 1 | _aSun, Miao-Kun. | |
| 710 | 2 | _aebrary, Inc. | |
| 830 | 0 | _aPsychology research progress series. | |
| 856 | 4 | 0 |
_uhttp://site.ebrary.com/lib/rucke/Doc?id=10740751 _zAn electronic book accessible through the World Wide Web; click to view |
| 999 |
_c35326 _d35326 |
||